Indian art of the United States /

Saved in:
Bibliographic Details
Main Author: Douglas, Frederic H. (Frederic Huntington), 1897-1956
Corporate Authors: United States. Indian Arts and Crafts Board, Museum of Modern Art (New York, N.Y.)
Other Authors: Harnoncourt, René d', 1901-
Format: Book
Language:English
Published: New York : Museum of Modern Art ; Simon and Schuster [distributor], [1949], c1941.
Edition:[2nd ed.]
Subjects:
LEADER 01294nam a2200277 a 4500
001 c000361328
003 CARM
005 00000000000000.0
008 921116c19491941nyuab b 00010 eng d
019 1 |a 9662225  |z 4141384  |z 22298958  |5 LACONCORD2021 
035 |a (OCoLC)4396684  |5 LACONCORD2021 
043 |a n------ 
100 1 |a Douglas, Frederic H.  |q (Frederic Huntington),  |d 1897-1956. 
245 1 0 |a Indian art of the United States /  |c by Frederic H. Douglas and René d'Harnoncourt. 
250 |a [2nd ed.] 
260 |a New York :  |b Museum of Modern Art ;  |b Simon and Schuster [distributor],  |c [1949], c1941. 
300 |a 204 p. :  |b ill., (some col.), maps ;  |c 26 cm. 
500 |a "Based on an exhibition which was prepared by the Indian Arts and Crafts Board of the United States Department of the Interior" -- P. 6. 
504 |a Bibliography: p. 195-203. 
650 0 |a Indian art  |z North America. 
700 1 |a Harnoncourt, René d',  |d 1901-. 
710 1 |a United States.  |b Indian Arts and Crafts Board. 
710 2 |a Museum of Modern Art (New York, N.Y.) 
852 8 |b CARM  |h A2:AJ25H0  |i C08946  |p 0346524  |f BK 
999 f f |i 326c90ef-d2c2-58e7-8e36-d1be144b66ec  |s c7b5b046-7852-54ac-8478-1dbc53044171 
952 f f |p Can circulate  |a CAVAL  |b CAVAL  |c CAVAL  |d CARM 1 Store  |e C08946  |f A2:AJ25H0  |h Other scheme  |i book  |m 0346524